Central Library OPAC University of Rajshahi

সমাজ সাহিত্য ও দর্শন / (Record no. 48157)

MARC details
000 -LEADER
fixed length control field 00972nam a2200229 a 4500
001 - CONTROL NUMBER
control field 48157
003 - CONTROL NUMBER IDENTIFIER
rucl marc code BD-RjUL
005 - DATE AND TIME OF LATEST TRANSACTION
control field 20211209054453.0
008 - FIXED-LENGTH DATA ELEMENTS--GENERAL INFORMATION
fixed length control field 160813s1966 ii ||||| |||| 00| 0 ben d
020 ## - INTERNATIONAL STANDARD BOOK NUMBER
Terms of availability : IRs. 15.00
035 ## - SYSTEM CONTROL NUMBER
System control number (BD-RjUL)48276
040 ## - CATALOGING SOURCE
Original cataloging agency BD-RjUL
Language of cataloging ben
Transcribing agency BD-RjUL
041 ## - LANGUAGE CODE
Language code of text/sound track or separate title ben
082 ## - DEWEY DECIMAL CLASSIFICATION NUMBER
Edition number 23
Classification number 891.4409
Author mark and year GOS 1966
100 1# - MAIN ENTRY--PERSONAL NAME
Personal name গঙ্গোপাধ্যায়, হেমন্ত কুমার
9 (RLIN) 145904
245 10 - TITLE STATEMENT
Title সমাজ সাহিত্য ও দর্শন /
Statement of responsibility, etc. হেমন্ত কুমার গঙ্গোপাধ্যায়
260 ## - PUBLICATION, DISTRIBUTION, ETC. (IMPRINT)
Place of publication, distribution, etc. কলিকাতা :
Name of publisher, distributor, etc. সংস্কৃত পুস্তক ভাণ্ডার,
Date of publication, distribution, etc. ১৯৬৬
300 ## - PHYSICAL DESCRIPTION
Pagination [৮], ১৬৪ পৃ. ;
Size ২১ সেমি.
650 ## - SUBJECT ADDED ENTRY--TOPICAL TERM
Topical term or geographic name as entry element বাংলা সাহিত্য
Form subdivision ইতিহাস ও সমালোচনা
9 (RLIN) 117445
Topical term or geographic name as entry element Bengali literature
Form subdivision History and criticism
9 (RLIN) 145905
942 ## - ADDED ENTRY ELEMENTS (KOHA)
Source of classification or shelving scheme Dewey Decimal Classification
Koha item type Books
Holdings
Lost status Source of classification or shelving scheme Damaged status Not for loan Collection code Permanent Location Current Location Shelving location Date acquired Source of acquisition Cost, normal purchase price Total Checkouts Full call number Date last seen Copy number Koha item type Date checked out
  Dewey Decimal Classification     Non-fiction Central Library, University of Rajshahi Central Library, University of Rajshahi   16/09/1981 India international, kolcutta 15.00   B 891.4409 GOS 1966 13/08/2016 C-2 Books  
  Dewey Decimal Classification     Non-fiction Central Library, University of Rajshahi Central Library, University of Rajshahi   16/09/1981 India international, kolcutta 15.00   B 891.4409 GOS 1966 13/08/2016 C-3 Books  
  Dewey Decimal Classification     Non-fiction Central Library, University of Rajshahi Central Library, University of Rajshahi   12/01/1980 India Int. Cal. 15.00   B 891.4409 GOS 1966 20/08/2016 C-4 Books  
  Dewey Decimal Classification     Non-fiction Central Library, University of Rajshahi Central Library, University of Rajshahi   12/01/1980 India Int. Cal. 15.00 2 B 891.4409 GOS 1966 27/05/2017 C-5 Books 21/05/2017
  Dewey Decimal Classification     Non-fiction Central Library, University of Rajshahi Central Library, University of Rajshahi   12/01/1980 Kolikata, India International 15.00   B 891.4409 GOS 1966 02/11/2016 C-6 Books  
  Dewey Decimal Classification   Not For Loan Fiction Central Library, University of Rajshahi Central Library, University of Rajshahi Reading Room 12/01/1980 India International,kolikata 15.00   B 891.4409 GOS 1966 12/12/2019 C-1 Books